000 00893nam a22002177a 4500
003 OSt
005 20260227102812.0
008 231118b ||||| |||| 00| 0 eng d
040 _c0
082 _aDPer 371.905 Ex22 January-December 2022 v. 30 n. 1-5
100 _aCook, Kathleen B.
_eauthor.
_950063
245 _aHigh-school students with high-incidence disabilities' use of smartphones for self-monitoring /
_cKathleen B. Cook and Kristin L. Sayeski.
260 _aPhiladelphia ;
_bTaylor & Francis Group ,
_cNovember 2022.
300 _aVolume 30, pages 279-295 :
_billustration ;
_c26 cm.
500 _aExceptionality: A Special Education Journal, vol. 30, no. 4, pages 279-295, November 2022.
650 0 _aStudents.
_919468
650 _aSelf-control.
_949528
700 _aCook, Kathleen B.
_eauthor.
_950063
700 _aSayeski, Kristin L.
_eauthor.
_950064
942 _2ddc
_cPER
999 _c18444
_d18444